| 000 | 00363nam a2200157Ia 4500 | ||
|---|---|---|---|
| 008 | 230711s9999||||xx |||||||||||||| ||und|| | ||
| 041 | _aENG | ||
| 082 |
_a5 _bME-C |
||
| 100 | _aMeeta Gandhi | ||
| 245 | 4 | _aThe C odyssey windows | |
| 250 | _a1st | ||
| 260 |
_c1992 _aNew Delhi _bBPB Publications |
||
| 300 | _a486 | ||
| 650 | _aComputer Engineering | ||
| 942 | _cBK | ||
| 999 |
_c1757 _d1757 |
||